Turning points : (Record no. 25270)
[ view plain ]
| 000 -LEADER | |
|---|---|
| fixed length control field | 00621nam a22001817a 4500 |
| 003 - CONTROL NUMBER IDENTIFIER | |
| control field | AUA.1 |
| 005 - DATE AND TIME OF LATEST TRANSACTION | |
| control field | 20251120181939.0 |
| 008 - FIXED-LENGTH DATA ELEMENTS--GENERAL INFORMATION | |
| fixed length control field | 251120b |||||||| |||| 00| 0 eng d |
| 020 ## - INTERNATIONAL STANDARD BOOK NUMBER | |
| International Standard Book Number | 9798886289169 |
| 040 ## - CATALOGING SOURCE | |
| Transcribing agency | JTL |
| 050 ## - LIBRARY OF CONGRESS CALL NUMBER | |
| Classification number | BX6115.2 |
| Item number | .M38 2025 |
| 100 ## - MAIN ENTRY--PERSONAL NAME | |
| Personal name | Matacio, Doug |
| 245 ## - TITLE STATEMENT | |
| Title | Turning points : |
| Remainder of title | Seventh-day Adventist history and Christian life / |
| Statement of responsibility, etc | Doug Matacio and Michael W. Campbell. |
| 260 ## - PUBLICATION, DISTRIBUTION, ETC. (IMPRINT) | |
| Place of publication, distribution, etc | Lincoln, NE : |
| Name of publisher, distributor, etc | AdventSource; |
| Date of publication, distribution, etc | 2025. |
| 300 ## - PHYSICAL DESCRIPTION | |
| Extent | viii, 126 pages : |
| Other physical details | illustrations; |
| Dimensions | 23 cm. |
| 650 ## - SUBJECT ADDED ENTRY--TOPICAL TERM | |
| Topical term or geographic name as entry element | Seventh-day Adventists |
| General subdivision | History |
| 942 ## - ADDED ENTRY ELEMENTS (KOHA) | |
| Source of classification or shelving scheme | Library of Congress Classification |
| Koha item type | Books |
| Classification part | BX 6115.2 |
| Item part | .M38 2025 |
| Withdrawn status | Lost status | Source of classification or shelving scheme | Damaged status | Not for loan | Collection code | Home library | Current library | Shelving location | Date acquired | Source of acquisition | Cost, normal purchase price | Serial Enumeration / chronology | Total Checkouts | Full call number | Barcode | Date last seen | Cost, replacement price | Price effective from | Koha item type |
|---|---|---|---|---|---|---|---|---|---|---|---|---|---|---|---|---|---|---|---|
| Library of Congress Classification | Books | Judith Thomas Library | Judith Thomas Library | General Stacks | 20/11/2025 | Bought by JTL | 15.00 | AUA28018 | BX 6115.2 .M38 2025 | AUA28018 | 20/11/2025 | 15.00 | 20/11/2025 | Books |